000 01153nab a22002177a 4500
999 _c5772
_d5772
003 OSt
005 20260105215314.0
008 190514b xxu||||| |||| 00| 0 spa d
040 _cPJ
100 _96687
_aIriarte, Alejandra
245 1 0 _aViolencia de género digital :
_bLey Olimpia. Defensoría del Público de Servicios de Comunicación Audiovisual /
_cAlejandra Iriarte.
300 _ap. 70-75
505 _aSumario: I. ¿Qué es la violencia digital por razones de género?— II. Ley Olimpia: políticas públicas para prevenir y acompañar a las víctimas de violencia digital por razones de género.— III. Políticas públicas para la prevención de la violencia digital: el rol de la Defensoría del Público de Servicios de Comunicación Audiovisual.
505 _tSi te interesa el texto, comunicate a koha@justierradelfuego.gov.ar
650 0 _9967
_aDERECHO DE FAMILIA
650 0 _96528
_aVIOLENCIA DIGITAL
650 0 _93053
_aVIOLENCIA DE GÉNERO
650 0 _aTECNOLOGIA DE LA INFORMACION
_9289
773 0 _02844
_93222
_dBuenos Aires : AbeledoPerrot, 1989-
_tDerecho de familia. N° 113 - Marzo 2024
_z18511201
942 _2udc
_cANA